LIBRARY & INFORMATION CENTRE, KCAET, TAVANUR

ONLINE PUBLIC ACCESS CATALOGUE (OPAC)

History of Socialist thought, Vol 2 Part-1:second international 1889-1914 / (Record no. 4670)

MARC details
000 -LEADER
fixed length control field 00437cam a2200157ua 4500
041 ## - LANGUAGE CODE
Language code of text/sound track or separate title eng
082 ## - DEWEY DECIMAL CLASSIFICATION NUMBER
Classification number 335
Item number COL/HI
100 ## - MAIN ENTRY--AUTHOR NAME
Personal name Cole, G D H .
245 ## - TITLE STATEMENT
Title History of Socialist thought, Vol 2 Part-1:second international 1889-1914 /
260 ## - PUBLICATION, DISTRIBUTION, ETC. (IMPRINT)
Place of publication New York :
Name of publisher McMillon & Co Ltd ,
Year of publication 1961.
300 ## - PHYSICAL DESCRIPTION
Number of Pages 939 ; .
942 ## - ADDED ENTRY ELEMENTS (KOHA)
Koha item type Books
Holdings
Withdrawn status Lost status Damaged status Home library Current library Date acquired Full call number Accession Number Koha item type
Withdrawn     KAUAET Sanskrit University 07/04/2012 335 5179 Books
Withdrawn     KAUAET Sanskrit University 07/04/2012 335 5176 Books
free website counter